| 000 | 00510nam a2200169 i 4500 | ||
|---|---|---|---|
| 001 | 87914 | ||
| 003 | ES-MaACL | ||
| 005 | 20230906175751.0 | ||
| 007 | t| | ||
| 008 | 041228s1966 sp ||||1| spa d | ||
| 100 | 1 |
_aLacroix, Jean. _969405 |
|
| 245 | 1 | 0 |
_aCrisis de la democracia _b: . Crisis de la civilización / _cJean Lacroix ; [traducido por David León]. |
| 260 |
_aMadrid : _bPopular, _c[1966] |
||
| 300 |
_a160 p. ; _c19 cm. |
||
| 700 | 1 |
_aLeón, David. _971569 |
|
| 852 |
_aES-MaACL _jC-31021 _bR.60293 |
||
| 999 |
_c87914 _d87914 |
||